| 000 | 01076naa a2200277 c 4500 | ||
|---|---|---|---|
| 001 | 48495 | ||
| 003 | ES-MaCES | ||
| 005 | 20161110132525.0 | ||
| 008 | 161110s2016 sp ||||| t||||||| ||spa d | ||
| 040 |
_aES-MaCES _bspa _cES-MaCES _dES-MaCES |
||
| 100 | 1 |
_936027 _aRodríguez-Rico Roldán, Victoria |
|
| 245 | 1 | 4 |
_aLos recursos internos contra las medidas de expulsión y la doctrina del efecto suspensivo _cVictoria Rodríguez-Rico Roldán |
| 500 | _aResumen | ||
| 504 | _aBibliografía: p. 150 | ||
| 650 | 4 |
_931135 _aderecho de asilo |
|
| 650 | 4 |
_927171 _aderechos humanos |
|
| 650 | 4 |
_929805 _amigración internacional |
|
| 650 | 4 |
_928638 _arefugiado |
|
| 650 | 4 |
_929183 _apolítica migratoria |
|
| 650 | 4 |
_928624 _ajurisprudencia |
|
| 650 | 4 |
_929490 _aTribunal de Justicia CE |
|
| 653 | 1 | 0 | _aDerecho comunitario |
| 773 | 0 |
_985445 _dValladolid Lex Nova _o088343 _tRevista de derecho migratorio y extranjería _w(ES-MaCES)26041 _gn. 43 (sept.-dic. 2016) {55/1090 R. 088343} ;p. 133-151 |
|
| 902 | _aART Artículo de revista | ||
| 942 |
_2CES _cAR _h6.0.5. |
||
| 999 |
_c48495 _d48495 |
||